[Event "ISR-ch (Women)"]
[Site "Jerusalem"]
[Date "1996.??.??"]
[Round "3"]
[White "Pitam, Ela"]
[Black "Srumin, Galina"]
[Result "1-0"]
[WhiteElo "2255"]
[BlackElo "2095"]

1.c4 e6 2.Nf3 d5 3.d4 Nf6 4.Nc3 Nbd7 5.cxd5 exd5 6.Bg5 Be7 7.e3 c6 8.Bd3 O-O
9.O-O Re8 10.Qc2 Nf8 11.Bxf6 Bxf6 12.b4 Be6 13.Na4 Rc8 14.Nc5 Qc7 15.Nxe6 fxe6
16.Rab1 g6 17.Rfc1 Bg7 18.h4 e5 19.dxe5 Bxe5 20.Qb3 Kh8 21.b5 Bf6 22.bxc6 bxc6
23.Ba6 Rb8 24.Qa4 c5 25.Rb7 Qd6 26.Rcb1 Re4 27.Qb5 Rxb7 28.Bxb7 Bxh4 29.Qd3 Bf6
30.Bxd5 Re7 31.Qc4 Nd7 32.Rc1 Re8 33.e4 Rc8 34.Qe2 Ne5 35.Nxe5 Bxe5 36.Qg4 Rb8
37.Bb3 Bh2+ 38.Kh1 Be5 39.Rd1 Bd4 40.Qe2 Rf8 41.Rf1 Qf6 42.g3 Re8 43.Kg2 Qe5
44.Re1 Bc3 45.Rc1 Bd4 46.Bc2 Rb8 47.Rb1 Rxb1 48.Bxb1 Qe6 49.Bd3 Kg7 50.Bc4 Qf6
51.Bb3 g5 52.f3 Qd6 53.Qd2 Qe5 54.Qd3 Qd6 55.Qb5 Be5 56.Qb7+ Qc7 57.Qd5 a5
58.Qg8+ Kh6 59.Qf8+ Bg7 60.Qf5 Qe5 61.Qd7 Qb2+ 62.Kh3 Qf6 63.Kg4 Qe5 64.Qf7  1-0

[Event "Kilkenny op"]
[Site "Kilkenny"]
[Date "1996.??.??"]
[Round "5"]
[White "Daly, Colm"]
[Black "Baburin, Alexander"]
[Result "1/2-1/2"]
[WhiteElo "2295"]
[BlackElo "2545"]

1.c4 e6 2.Nf3 d5 3.d4 Nf6 4.g3 dxc4 5.Qa4+ Nbd7 6.Bg2 c5 7.dxc5 Bxc5 8.O-O a6
9.Qxc4 b5 10.Qd3 Bb7 11.Bg5 O-O 12.Nc3 Qb6 13.a4 b4 14.a5 Qc7 15.Na4 Be4
16.Qd2 Be7 17.Rfc1 Qb7 18.Bxf6 Nxf6 19.Nc5 Bxc5 20.Rxc5 Rfd8 21.Qe3 Rac8
22.Rac1 Rxc5 23.Qxc5 h6 24.h3 Rd5 25.Qc8+ Qxc8 26.Rxc8+ Kh7 27.Rb8  1/2-1/2

[Event "Krasnodar op"]
[Site "Krasnodar"]
[Date "1996.??.??"]
[Round "8"]
[White "Poluljahov, Aleksandr"]
[Black "Rodin, Mihail"]
[Result "1-0"]
[WhiteElo "2480"]
[BlackElo "2400"]

1.c4 e6 2.Nf3 d5 3.d4 Nf6 4.Nc3 c6 5.g3 Nbd7 6.Bg2 Bd6 7.O-O O-O 8.Qc2 dxc4
9.Rd1 Qe7 10.Bg5 h6 11.Bxf6 Nxf6 12.Nd2 e5 13.d5 cxd5 14.Nxd5 Nxd5 15.Bxd5 Bh3
16.Nxc4 Rac8 17.Qb3 Bb8 18.Na5 b6 19.Nc6 Qg5 20.Qa3 Rc7 21.Rac1 Rd7 22.Bg2 Bd6
23.Qa4 Bxg2 24.Kxg2 Rc7 25.e3 Bc5 26.Rd5 Re8 27.Nd4 Rd8 28.Nf3 Qf6 29.Rxe5 Rcd7
30.Qe4 g6 31.h4 h5 32.b4 Bf8 33.a3 Kg7 34.Nd4 a6 35.Rc6 Rd6 36.Rc7 R6d7 37.Rxd7 Rxd7
38.Re8 Qd6 39.Ra8 b5 40.Qe8 Rc7 41.Rd8  1-0

[Event "La Coruna op"]
[Site "La Coruna"]
[Date "1996.??.??"]
[Round "?"]
[White "Lezcano Jaen, Pedro"]
[Black "Salgado Lopez, Oscar"]
[Result "1-0"]
[WhiteElo "2320"]
[BlackElo "2100"]

1.c4 e6 2.Nf3 d5 3.b3 Nf6 4.g3 c6 5.Bg2 Be7 6.Bb2 O-O 7.d3 b5 8.Nbd2 Nbd7
9.O-O bxc4 10.bxc4 Qa5 11.Qc2 Ba6 12.Rfb1 Rab8 13.Nd4 Rfc8 14.Bc3 Bb4 15.Rxb4 Rxb4
16.a3 e5 17.axb4 Qb6 18.Nf5 Ng4 19.e3 Rd8 20.c5 Qb5 21.Ra5 Qxd3 22.Qxd3 Bxd3
23.Ne7+  1-0

[Event "Leiner op"]
[Site "Leiner"]
[Date "1996.??.??"]
[Round "1"]
[White "Ebner, Hubert"]
[Black "Rabiega, Robert"]
[Result "0-1"]
[WhiteElo "2240"]
[BlackElo "2490"]

1.c4 e6 2.Nf3 d5 3.d4 Nf6 4.g3 dxc4 5.Qa4+ c6 6.Qxc4 b5 7.Qc2 Bb7 8.Bg2 Nbd7
9.O-O c5 10.Be3 Nd5 11.Bg5 Qb6 12.Nc3 cxd4 13.Nxd5 Bxd5 14.Rac1 f6 15.Bf4 Bc5
16.Rfd1 Qb7 17.b4 Bb6 18.Bd6 Kf7 19.Qd3 a6 20.Bc5 Rad8 21.Qxd4 Bc7 22.Ba7 Ne5
23.Nxe5+ Bxe5 24.Bxd5 Rxd5 25.Qe3 Rhd8 26.Rxd5 Qxd5 27.Bb6 Rd7 28.a3 Qa2
29.Rc8 Rd1+ 30.Kg2 Qd5+ 31.f3 Qb7 32.Qc5 Rd2 33.Rf8+ Kg6 34.Qe3 Rd5 35.h4 h5
36.Kh3 Qd7 37.Rd8 Qc6 38.Rxd5 Qxd5 39.g4 hxg4+ 40.fxg4 Qh1+  0-1

[Event "Maribor"]
[Site "Maribor"]
[Date "1996.??.??"]
[Round "?"]
[White "Barle, Janez"]
[Black "Pavasovic, Dusko"]
[Result "1/2-1/2"]
[WhiteElo "2430"]
[BlackElo "2425"]

1.c4 e6 2.Nf3 d5 3.e3 Nf6 4.Nc3 c6 5.b3 Nbd7 6.Bb2 Bd6 7.cxd5 exd5 8.Be2 O-O
9.O-O Nc5 10.d3 Re8 11.Rc1 a5 12.Nd4 Qc7 13.h3 Qe7 14.Rc2 Bd7 15.Re1 b5 16.Nb1 Rac8
17.Qc1 Rc7 18.a3 a4 19.b4 Nb3 20.Qd1 c5 21.bxc5 Nxc5 22.Qd2 Rec8 23.Rec1 Nb7
24.Rxc7 Rxc7 25.Rxc7 Bxc7 26.Bc3 Qd6 27.Nf3 Bb6 28.Qb2 Ne8  1/2-1/2

[Event "Meisdorf op"]
[Site "Meisdorf"]
[Date "1996.??.??"]
[Round "?"]
[White "Bunzmann, Dimitrij"]
[Black "Krivoshey, Sergei"]
[Result "0-1"]
[WhiteElo "2300"]
[BlackElo "2430"]

1.c4 e6 2.Nf3 d5 3.d4 Nf6 4.e3 a6 5.Nbd2 c5 6.cxd5 exd5 7.dxc5 Bxc5 8.Nb3 Bd6
9.h3 O-O 10.Bd3 Nc6 11.O-O Ne4 12.Bd2 Qf6 13.Nbd4 Re8 14.Bc3 Qh6 15.Re1 Nxd4
16.Bxd4 Re6 17.Kf1 Rg6 18.Be5 Bxh3 19.gxh3 Qxh3+ 20.Ke2 Bxe5 21.Qc2 Rc8 22.Qb3 Rf6
23.Bxe4 dxe4 24.Nxe5 Qh5+ 25.Kf1 Qh1+ 26.Ke2 Qh5+ 27.Kf1 Qxe5 28.Rac1 Rf8
29.Qxb7 Qh2 30.Rc2 Qh1+ 31.Ke2 Qf3+ 32.Kf1 Rh6  0-1

[Event "Wch U14"]
[Site "Menorca"]
[Date "1996.??.??"]
[Round "4"]
[White "Gratka, Krzysztof"]
[Black "Player, Edmund C"]
[Result "1-0"]
[WhiteElo "2235"]
[BlackElo "2105"]

1.Nf3 e6 2.c4 d5 3.b3 Nf6 4.Bb2 c5 5.e3 Nc6 6.g3 Be7 7.cxd5 exd5 8.Bg2 O-O
9.O-O Bg4 10.h3 Bf5 11.d3 Nb4 12.Ne1 Nd7 13.a3 Bf6 14.Nc3 Nc6 15.e4 d4 16.Ne2 Be6
17.Rb1 Be7 18.Nf4 Nf6 19.Nxe6 fxe6 20.f4 Qd7 21.Nf3 b5 22.Rc1 a5 23.g4 Ne8
24.Qd2 a4 25.bxa4 bxa4 26.f5 e5 27.g5 Qd6 28.Rc2 Ra6 29.Qf2 Rb6 30.Rc4 Qb8
31.Bc1 Rb3 32.Ne1 Rb1 33.Qg3 Kh8 34.Qg4 Na5 35.Rc2 Nb3 36.Bb2 Na5 37.Bc1 Nb3
38.Bd2 Nxd2 39.Rxd2 Rb2 40.Rxb2 Qxb2 41.Nf3 Bd6 42.Qh5 Qxa3 43.Nh4 Kg8 44.f6 Rf7
45.Nf5 Qxd3 46.fxg7 Qxf1+ 47.Bxf1  1-0

[Event "Minsk op"]
[Site "Minsk"]
[Date "1996.??.??"]
[Round "3"]
[White "Kochetkov, German"]
[Black "Neverov, Valeriy"]
[Result "1/2-1/2"]
[WhiteElo "2385"]
[BlackElo "2515"]

1.c4 e6 2.Nf3 d5 3.g3 dxc4 4.Qa4+ Nd7 5.Bg2 a6 6.Nc3 Nf6 7.O-O c5 8.Qxc4 b5
9.Qb3 Bb7 10.d3 Be7 11.e4 O-O 12.Rd1 Rc8 13.Bg5 h6 14.Bxf6 Nxf6 15.a4 b4
16.Ne2 c4 17.dxc4 Qc7 18.e5 Ng4 19.Nf4 Bc5 20.Nd3 Rfd8 21.Nxc5 Qxc5 22.Qc2 Bxf3
23.Bxf3 Nxe5 24.Bb7 Rb8 25.b3 a5 26.Bg2 f5  1/2-1/2

[Event "Moscow-ch"]
[Site "Moscow"]
[Date "1996.??.??"]
[Round "2"]
[White "Kravets, Vladislav V"]
[Black "Chasovnikova, Eugenia"]
[Result "0-1"]
[WhiteElo "2310"]
[BlackElo "2125"]

1.c4 e6 2.Nf3 d5 3.d4 Nf6 4.Nc3 Be7 5.Bg5 O-O 6.e3 Nbd7 7.cxd5 exd5 8.Bd3 Re8
9.Qc2 Nf8 10.O-O c6 11.Rab1 Ng6 12.b4 a6 13.Nd2 Bd6 14.Bxf6 Qxf6 15.Na4 Bg4
16.Nc5 Qh4 17.g3 Qe7 18.a4 Nf8 19.Rfc1 h5 20.Bf5 Bxf5 21.Qxf5 g6 22.Qh3 Kg7
23.Nf3 Nh7 24.Qf1 Nf6 25.b5 axb5 26.axb5 b6 27.Nd3 c5 28.Nde5 c4 29.Nc6 Qc7
30.Ra1 Ne4 31.Rc2 Qb7 32.Rca2 Nc3 33.Ra7 Rxa7 34.Rxa7 Qc8 35.Nfe5  0-1

[Event "Moscow-ch"]
[Site "Moscow"]
[Date "1996.??.??"]
[Round "5"]
[White "Kravets, Vladislav V"]
[Black "Glagolev, BA."]
[Result "0-1"]
[WhiteElo "2310"]
[BlackElo "2055"]

1.c4 e6 2.Nf3 d5 3.b3 c5 4.e3 Nf6 5.Bb2 Be7 6.Be2 O-O 7.O-O b6 8.d4 Bb7 9.dxc5 bxc5
10.cxd5 Nxd5 11.Nbd2 Bf6 12.Ne5 Nc6 13.Nxc6 Bxc6 14.Bxf6 Qxf6 15.Qc2 Rac8
16.g3 Rfd8 17.a3 Nc3 18.Bg4 Bb5 19.Nc4 Nd5 20.Rfd1 Nb6 21.Nd6 Rxd6 22.Rxd6 Qxa1+
23.Kg2 Qf1+ 24.Kf3 Qh1+ 25.Kf4 Nd5+ 26.Rxd5 Qxd5  0-1

[Event "Moscow-ch"]
[Site "Moscow"]
[Date "1996.??.??"]
[Round "9"]
[White "Korotylev, Alexey"]
[Black "Kosyrev, Vladimir"]
[Result "1-0"]
[WhiteElo "2435"]
[BlackElo "2315"]

1.Nf3 e6 2.c4 d5 3.g3 c6 4.b3 Nf6 5.Bg2 Nbd7 6.O-O Bd6 7.Bb2 O-O 8.d3 Qe7
9.Nc3 e5 10.cxd5 Nxd5 11.Ne4 Ba3 12.Qc1 Bxb2 13.Qxb2 b6 14.Ned2 Bb7 15.Nc4 Rfe8
16.e4 N5f6 17.d4 exd4 18.Nxd4 Nxe4 19.Nf5 Qf6 20.Qxf6 Ndxf6 21.Nfd6 Nxd6
22.Nxd6 Ba6 23.Nxe8  1-0

[Event "JUG-chT"]
[Site "Niksic"]
[Date "1996.??.??"]
[Round "?"]
[White "Vujovic, Milorad"]
[Black "Dabetic, Radojica"]
[Result "0-1"]
[WhiteElo "2310"]
[BlackElo "2350"]

1.c4 e6 2.Nf3 d5 3.e3 Nf6 4.b3 Be7 5.Bb2 O-O 6.Be2 c5 7.O-O Nc6 8.d4 b6 9.Nc3 Bb7
10.cxd5 Nxd5 11.Nxd5 exd5 12.dxc5 bxc5 13.Rc1 Qb6 14.Rc2 Rfd8 15.Rd2 Bf8
16.Qb1 h6 17.Rfd1 Nb4 18.Nh4 a5 19.Nf5 a4 20.a3 Nc6 21.bxa4 Na5 22.Bc3 Qc7
23.Qb2 g6 24.Ng3 Bc6 25.Bb5 Nc4 26.Bxc4 dxc4 27.a5 Rdb8 28.Qa1 Rb3 29.Ne2 Re8
30.Nf4 Qb7 31.h4 Rb8 32.Nd5 Bxd5 33.Rxd5 Qe7 34.Be5 Re8 35.g3 Qb7 36.Qc1 Rd3
37.R5xd3 cxd3 38.Qc3 c4 39.Bd4 Qb5 40.Rc1 Rc8 41.Kg2 Qa4 42.Ra1 Ra8 43.Rb1 Rxa5
44.e4 Ra8 45.f3 Rc8 46.Ra1 Rb8 47.Be5 Rd8 48.Ra2 Qb3 49.Ra1 d2 50.Qxb3 cxb3
51.Rd1 Bxa3 52.Kf2 Bc1 53.Ke2 Rb8 54.Bxb8 b2 55.Bf4 b1=Q 56.Bxd2 Qb5+ 57.Ke1 Bxd2+
58.Rxd2 Qb1+ 59.Kf2 Qh1 60.g4 Qxh4+  0-1

[Event "Novorossijsk op"]
[Site "Novorossijsk"]
[Date "1996.??.??"]
[Round "?"]
[White "Poluljahov, Aleksandr"]
[Black "Koniushkov, Igor"]
[Result "1-0"]
[WhiteElo "2480"]
[BlackElo "2280"]

1.c4 e6 2.Nf3 d5 3.d4 Nf6 4.g3 dxc4 5.Bg2 c5 6.O-O Nc6 7.Qa4 Bd7 8.Qxc4 b5
9.Qd3 Rc8 10.dxc5 Bxc5 11.Nc3 b4 12.Nb5 O-O 13.Nd6 Bxd6 14.Qxd6 Qe7 15.Bf4 Nd5
16.Rfd1 Rfd8 17.a3 Qxd6 18.Bxd6 Be8 19.Bxb4 Ndxb4 20.Rxd8 Rxd8 21.axb4 Rb8
22.Ne1 Rxb4 23.Nd3 Rb8 24.Bxc6 Bxc6 25.Rxa7 f6 26.Rc7 Bd5 27.f3 e5 28.Kf2 e4
29.Nf4 Bf7 30.fxe4 h6 31.Nd3 Re8 32.Kf3 Bh5+ 33.Ke3 Bg6 34.Rc4 Ra8 35.b4 Be8
36.Rc7 Ra2 37.e5 fxe5 38.Nxe5 Bb5 39.Rc8+ Kh7  1-0

[Event "SCO-ch"]
[Site "Oban"]
[Date "1996.??.??"]
[Round "5"]
[White "Grant, Jonathan"]
[Black "Bryson, Douglas M"]
[Result "0-1"]
[WhiteElo "2265"]
[BlackElo "2380"]

1.c4 e6 2.Nf3 d5 3.b3 Nf6 4.g3 c5 5.Bg2 Nc6 6.e3 Be7 7.O-O O-O 8.Bb2 d4 9.exd4 cxd4
10.Re1 Ne8 11.d3 f6 12.Na3 e5 13.Nc2 Nc7 14.a3 a5 15.Rb1 Bd7 16.Bc1 Kh8 17.b4 axb4
18.axb4 b5 19.Nh4 Ra2 20.f4 g5 21.Nf3 gxf4 22.gxf4 Rg8 23.Re2 bxc4 24.Ncxd4 Rxe2
25.Nxe2 Bh3 26.Ng3 Bxg2 27.Kxg2 e4 28.Ne1 exd3 29.Bd2 Nb5 30.Rc1 Bxb4 31.Bxb4 Nxb4
32.Rb1 Nc3 33.Qd2 Nxb1 34.Qxb4 d2  0-1

[Event "SCO-ch"]
[Site "Oban"]
[Date "1996.??.??"]
[Round "7"]
[White "McNab, Colin Anderson"]
[Black "Upton, Timothy J"]
[Result "1-0"]
[WhiteElo "2465"]
[BlackElo "2285"]

1.c4 e6 2.Nf3 d5 3.b3 Nf6 4.g3 Be7 5.Bg2 O-O 6.O-O c5 7.Bb2 Nc6 8.e3 b6 9.Qe2 Bb7
10.Rd1 Qc7 11.Nc3 Rfd8 12.Rac1 Rac8 13.d4 dxc4 14.bxc4 cxd4 15.exd4 Ba6 16.Nb5 Qb8
17.Bh3 Bxb5 18.cxb5 Nb4 19.Bxe6 Rxc1 20.Rxc1 Qd6 21.Bb3 Nbd5 22.Ne5 Bf8 23.Qf3 Qe6
24.Rc7 Nxc7 25.Bxe6 Nxe6 26.Qb7 Ng5 27.h4  1-0

[Event "Oberwart op"]
[Site "Oberwart"]
[Date "1996.??.??"]
[Round "4"]
[White "Beim, Valery"]
[Black "Volkmann, Friedrich"]
[Result "1-0"]
[WhiteElo "2570"]
[BlackElo "2380"]

1.c4 e6 2.Nf3 d5 3.b3 Nf6 4.Bb2 Bd6 5.g3 O-O 6.Bg2 Nbd7 7.O-O c6 8.Nc3 dxc4
9.bxc4 e5 10.Qc2 Re8 11.e3 Nb6 12.Ne2 c5 13.a4 Bg4 14.h3 Bh5 15.d3 Nbd7 16.Nc3 Nb8
17.g4 Bg6 18.Nh4 Nc6 19.Nxg6 hxg6 20.Qe2 Bc7 21.Rab1 Ba5 22.Ba1 Rc8 23.Rxb7 Bb6
24.Nb5 Na5 25.Rxa7 Bxa7 26.Nxa7 Rc7 27.Nb5 Rd7 28.Bc3 e4 29.Qe1 Nb7 30.g5 Nh7
31.dxe4 Nd6 32.Nxd6 Rxd6 33.h4 Ra6 34.e5 Rxa4 35.Qe2 Qb6 36.Bd5 Nf8 37.Qf3 Re7
38.Qd1 Ra3 39.Qc2 Rea7 40.Rc1 Qb8 41.Kg2 R7a6 42.Qe4 Rb6 43.Rc2 Qa7 44.e6 Nxe6
45.Qe5 Qe7 46.Bxe6 fxe6 47.h5 gxh5 48.g6 Rxc3 49.Rxc3 Qf6 50.Qe4 e5 51.Qa8+ Qf8
52.Qd5+ Kh8 53.Qf7 Qxf7 54.gxf7 Rf6 55.Rd3 Rxf7 56.Rd5 Rc7 57.Rxe5 g6 58.f4 Kg7
59.Kf3 Kf6 60.e4 Rc8 61.Rg5 Rc7 62.Rd5 Rc6 63.e5+ Kf5 64.Rd8 Ke6 65.Ke4 Ke7
66.Rh8 Ke6 67.Rh7 Rc8 68.Rg7 Rd8 69.Rxg6+ Kf7 70.Kf5 Rd4 71.e6+ Kf8 72.Ke5 Rxc4
73.Rf6+ Ke8 74.Rh6 Rc1 75.Kf6 Kd8 76.Rh8+ Kc7 77.e7 Re1 78.e8=Q  1-0

[Event "Komercni Banka op"]
[Site "Pardubice"]
[Date "1996.??.??"]
[Round "2"]
[White "Gorbatow, Alexej"]
[Black "Sherbakov, Ruslan"]
[Result "0-1"]
[WhiteElo "2415"]
[BlackElo "2555"]

1.c4 e6 2.Nf3 d5 3.e3 c6 4.b3 Nf6 5.Bb2 b6 6.Nc3 Bb7 7.Qc2 Be7 8.d4 O-O 9.Bd3 c5
10.cxd5 exd5 11.a3 Nbd7 12.Rd1 Rc8 13.dxc5 bxc5 14.O-O Qb6 15.Bf5 Rcd8 16.Na4 Qa5
17.Bc3 Qb5 18.Ne5 Nb6 19.Nb2 Qe8 20.a4 Bd6 21.f4 g6 22.a5 d4 23.axb6 dxc3
24.Nbc4 Bxe5 25.fxe5 Nd5 26.e4 Nxb6 27.Rxd8 Qxd8 28.Nd6 gxf5 29.exf5 Bd5
30.f6 Kh8 31.Qxc3 Rg8 32.g3 Be6 33.Qxc5 Nc8 34.Nc4 Nb6 35.Nd6 Nc8 36.Nc4 Qd3
37.Rc1 h5 38.Ne3 Nb6 39.Ng2 Rc8 40.Qa3 Qd4+ 41.Kh1 Kh7 42.Ne1  0-1

[Event "Paris op"]
[Site "Paris"]
[Date "1996.??.??"]
[Round "5"]
[White "Loeffler, Stefan"]
[Black "Elbilia, Jacques"]
[Result "1/2-1/2"]
[WhiteElo "2415"]
[BlackElo "2290"]

1.Nf3 e6 2.c4 d5 3.d4 c6 4.e3 f5 5.Be2 Nf6 6.O-O Bd6 7.b3 Qe7 8.a4 a5 9.Ba3 Bxa3
10.Nxa3 Nbd7 11.Nc2 O-O 12.Nce1 Ne4 13.Nd3 Nd6 14.Qc1 Nf7 15.Rb1 g5 16.Qc3 Nf6
17.Nfe5 Nxe5 18.Nxe5 Ne4 19.Qc2 g4 20.Bd3 Ng5 21.Kh1 Nf7 22.Nxf7 Rxf7 23.f3 gxf3
24.gxf3 Bd7 25.Rg1+ Kh8 26.Rg3 Rg8 27.Rbg1 Rxg3 28.Rxg3 h6 29.cxd5 exd5 30.Qg2 Kh7
31.Rg8 Rg7 32.Rxg7+ Qxg7 33.Qg3 Qxg3 34.hxg3 Kg7 35.Kg2 Kf6 36.Be2 Be8  1/2-1/2

[Event "Passau op"]
[Site "Passau"]
[Date "1996.??.??"]
[Round "6"]
[White "Bezold, Michael"]
[Black "Votava, Jan"]
[Result "0-1"]
[WhiteElo "2485"]
[BlackElo "2540"]

1.c4 e6 2.Nf3 d5 3.g3 Nf6 4.Bg2 Be7 5.O-O O-O 6.d4 dxc4 7.Qc2 a6 8.a4 Bd7
9.Qxc4 Bc6 10.Bg5 a5 11.Nc3 Nbd7 12.Rfe1 Bxf3 13.Bxf3 c6 14.Rad1 h6 15.Bc1 Qb6
16.e4 Rfd8 17.Qe2 Qb4 18.e5 Nd5 19.Be4 Nxc3 20.bxc3 Qxc3 21.Qg4 Kf8 22.Bh7 Bb4
23.Re3 Qc4 24.Bd3 Qb3 25.Be2 Qxa4 26.Kg2 Be7 27.Qh5 Kg8 28.Rf3 g6 29.Qxh6 Nxe5
30.Rf4 Qa2 31.Rd2 Qd5+ 32.Kg1 Bg5 33.Qh3 Bxf4 34.gxf4 Nd7 35.f5 exf5 36.Rd3 Re8
37.Bf1 Nf6  0-1

[Event "GER-ch U20 qual3"]
[Site "Pinneberg"]
[Date "1996.??.??"]
[Round "6"]
[White "Bunzmann, Dimitrij"]
[Black "David, Rene"]
[Result "1/2-1/2"]
[WhiteElo "2275"]
[BlackElo "2235"]

1.c4 e6 2.Nf3 d5 3.b3 Nf6 4.Bb2 Be7 5.e3 O-O 6.Be2 Nbd7 7.O-O c6 8.d3 a5
9.Nbd2 dxc4 10.dxc4 Qc7 11.Qc2 a4 12.Bc3 axb3 13.axb3 Rxa1 14.Rxa1 b6 15.Nf1 Bb7
16.Ng3 Rd8  1/2-1/2

[Event "Plzen opJ-B"]
[Site "Plzen"]
[Date "1996.??.??"]
[Round "8"]
[White "Buldrova, Monika"]
[Black "Konigova, Petra"]
[Result "1/2-1/2"]
[WhiteElo "1775"]
[BlackElo "1800"]

1.c4 e6 2.Nf3 d5 3.g3 Nf6 4.Bg2 c6 5.b3 Be7 6.O-O O-O 7.Bb2 b6 8.d3 Bb7 9.e3 Na6
10.Nc3 Rc8 11.Qe2 Qc7 12.Rac1 Qb8 13.Rfd1 Rfd8 14.d4 c5 15.cxd5 exd5 16.Ne1 Nc7
17.Nf3 Ne6 18.Qc2 a6 19.Ba3 Bf8 20.Qb2 Rc7 21.Ne2 Rdc8 22.Nd2 a5 23.Bh3  1/2-1/2

[Event "Polanica Zdroj op"]
[Site "Polanica Zdroj"]
[Date "1996.??.??"]
[Round "2"]
[White "Vokac, Marek"]
[Black "Rapoport, Igor"]
[Result "1-0"]
[WhiteElo "2455"]
[BlackElo "2260"]

1.c4 e6 2.Nf3 d5 3.b3 Nf6 4.Bb2 Be7 5.g3 O-O 6.Bg2 c5 7.O-O Nc6 8.e3 b6 9.Qe2 Bb7
10.Rd1 Qc7 11.Nc3 Rac8 12.Rac1 Rfd8 13.cxd5 Nxd5 14.Nxd5 Rxd5 15.d4 Rdd8
16.dxc5 Rxd1+ 17.Rxd1 Bxc5 18.Ng5 Rd8 19.Rxd8+ Nxd8 20.Qd3 g6 21.Bxb7 Nxb7
22.Qc3 e5 23.Qxe5 Qxe5 24.Bxe5 f5 25.Kf1 Nd8 26.Ke2 h6 27.Nf3 Nc6 28.Bb2 Kf7
29.h3 Ke6 30.g4 b5 31.Nh4 Ne7 32.Bg7 Ng8  1-0

[Event "Recklinghausen"]
[Site "Recklinghausen"]
[Date "1996.??.??"]
[Round "2"]
[White "Bischoff, Klaus"]
[Black "Hoefker, Mathias"]
[Result "1-0"]
[WhiteElo "2530"]
[BlackElo "2250"]

1.c4 e6 2.Nf3 d5 3.d4 c6 4.Nbd2 Nf6 5.g3 Nbd7 6.Bg2 Bd6 7.O-O O-O 8.Qc2 Qe7
9.b3 b6 10.e4 Nxe4 11.Nxe4 dxe4 12.Qxe4 Bb7 13.Re1 Rfe8 14.Bb2 Ba3 15.Bc3 Bb4
16.Qc2 Bxc3 17.Qxc3 c5 18.d5 Qf6 19.Qxf6 gxf6 20.Rad1 exd5 21.Rxe8+ Rxe8
22.Nh4 Ba8 23.Bxd5 Bxd5 24.Rxd5 Re1+ 25.Kg2 Nf8 26.Rd8 Re2 27.g4 Rxa2 28.Nf5 Re2
29.h4 h5 30.gxh5 Re5 31.Ng3 f5 32.f4 Re6 33.Nxf5 Rf6 34.Ne7+ Kg7 35.h6+ Kh7
36.Rxf8 Rxf4 37.Nd5 Rf5 38.Ra8 b5 39.Rxa7 bxc4 40.bxc4 Kxh6 41.Ra6+  1-0

[Event "Seefeld op"]
[Site "Seefeld"]
[Date "1996.??.??"]
[Round "?"]
[White "Gottschlich, Carsten"]
[Black "Burkhardt, Rudolf"]
[Result "1-0"]
[WhiteElo "2195"]
[BlackElo "2025"]

1.c4 e6 2.Nf3 d5 3.b3 Nf6 4.g3 Be7 5.Bg2 O-O 6.O-O c5 7.cxd5 exd5 8.d4 b6
9.Bb2 Nc6 10.Nc3 Bb7 11.Rc1 Rc8 12.Qd3 Re8 13.Rfd1 a6 14.e3 c4 15.bxc4 Nb4
16.Qb1 dxc4 17.Ne1 Bxg2 18.Kxg2 Nbd5 19.Nc2 b5 20.a3 Nxc3 21.Bxc3 Qd5+ 22.f3 h5
23.e4 Nxe4 24.fxe4 Qxe4+ 25.Kg1 h4 26.Re1 Qg6 27.Ne3 Qxb1 28.Rxb1 hxg3 29.hxg3 Bxa3
30.Kf2 Rb8 31.Nc2 Rxe1 32.Rxe1 Bd6 33.Bb4 Bxb4 34.Nxb4 Rd8 35.d5 Kf8 36.Ra1 Rd6
37.Rxa6 Rxa6 38.Nxa6 Ke7 39.Ke3 Kd6 40.Kd4 f5 41.Nb4 g5 42.Nc2 b4 43.Nxb4 f4
44.gxf4 g4 45.Nc2 c3 46.Ne3  1-0

[Event "SLO-chT sf"]
[Site "SLO"]
[Date "1996.??.??"]
[Round "2"]
[White "Ivacic, Vladimir"]
[Black "Rodman, Franc"]
[Result "1-0"]
[WhiteElo "2270"]
[BlackElo "2150"]

1.c4 e6 2.Nf3 d5 3.g3 Nf6 4.Bg2 Be7 5.O-O O-O 6.b3 c5 7.cxd5 exd5 8.d4 Nc6
9.Bb2 Ne4 10.Nc3 Bf6 11.Na4 b6 12.Rc1 Ba6 13.dxc5 Bxb2 14.Nxb2 bxc5 15.Na4 Re8
16.Re1 Qa5 17.Qxd5 Nb4 18.Qf5 g6 19.Qf4 Nd5 20.Qh6 Rac8 21.Ng5 Nxg5 22.Qxg5  1-0

[Event "Solymar op"]
[Site "Solymar"]
[Date "1996.??.??"]
[Round "?"]
[White "Horvath, Gyula"]
[Black "Estrada Nieto, Julian"]
[Result "1-0"]
[WhiteElo "2445"]
[BlackElo "2345"]

1.c4 e6 2.Nf3 d5 3.b3 Nf6 4.g3 Be7 5.Bg2 O-O 6.O-O c5 7.Bb2 Nc6 8.e3 d4 9.exd4 cxd4
10.a3 a5 11.Re1 Ne8 12.Ne5 Nxe5 13.Rxe5 f6 14.Re1 e5 15.d3 Nc7 16.Nd2 Ne6
17.Bd5 Kh8 18.Rb1 Nc5 19.Qf3 Qc7 20.b4 axb4 21.axb4 Na6 22.Ba3 Nb8 23.Ra1 Nc6
24.c5 Rxa3 25.Rxa3 Nxb4 26.Rc1 Bxc5 27.Nb3 b6 28.Ra8 Rd8 29.Be4 Qe7 30.Nxc5 bxc5
31.Qh5 g5 32.Rxc5  1-0

[Event "RUS-Cup1 Chigorin mem"]
[Site "St Petersburg"]
[Date "1996.??.??"]
[Round "2"]
[White "Tregubov, Pavel V"]
[Black "Kiselev, M."]
[Result "1-0"]
[WhiteElo "2520"]
[BlackElo "2330"]

1.c4 e6 2.Nf3 d5 3.b3 Nf6 4.g3 d4 5.Bg2 c5 6.O-O Nc6 7.e3 e5 8.exd4 exd4
9.d3 Be7 10.Bf4 O-O 11.Ne5 Nxe5 12.Bxe5 Bg4 13.Bf3 Qd7 14.Nd2 Rac8 15.Re1 Qf5
16.Bxf6 Bxf3 17.Qxf3 Qxf3 18.Nxf3 Bxf6 19.a3 Rb8 20.b4 b5 21.bxc5 bxc4 22.dxc4 Rb3
23.Ne5 Bxe5 24.Rxe5 Rc3 25.Rd5 Rxc4 26.Rd1 Rc8 27.R1xd4 Rxd4 28.Rxd4 Kf8
29.Rd5 Ke7 30.f4 Rc6 31.Kf2 Ra6 32.Rd3 Ra5 33.c6 Rc5 34.Rd7+ Ke6 35.Rc7 h5
36.Ke3 g6 37.Kd4 Rc1 38.a4 a5 39.h3 Ra1 40.Kc5 Rxa4 41.Rc8 Ra3 42.Re8+ Kf6
43.c7  1-0

[Event "RUS-Cup1 Chigorin mem"]
[Site "St Petersburg"]
[Date "1996.??.??"]
[Round "6"]
[White "Sher, Miron N"]
[Black "Novgorodskij, Vladimir"]
[Result "1/2-1/2"]
[WhiteElo "2475"]
[BlackElo "2365"]

1.c4 e6 2.Nf3 d5 3.g3 Nf6 4.Bg2 dxc4 5.Qa4+ c6 6.Qxc4 b5 7.Qc2 Bb7 8.O-O Qb6
9.d3 c5 10.a4 a6 11.axb5 axb5 12.Rxa8 Bxa8 13.Na3 Na6 14.Qb3 Nb4 15.e4 Be7
16.Bd2 O-O 17.Bxb4 cxb4 18.Nc2 Rd8 19.Nxb4 Qd6 20.Na2 Qxd3 21.Nc3 Nxe4 22.Rd1 Qc4
23.Rxd8+ Bxd8 24.Qxc4 bxc4 25.Nxe4 Bxe4 26.Nd2 Bd5 27.Bf1 c3 28.bxc3 Ba5
29.c4 Bxd2  1/2-1/2

[Event "Rudenko mem"]
[Site "St Petersburg"]
[Date "1996.??.??"]
[Round "9"]
[White "Rakitskaja, M."]
[Black "Chernova, Natalja"]
[Result "1-0"]
[WhiteElo "2100"]
[BlackElo "2250"]

1.c4 e6 2.Nf3 d5 3.e3 c5 4.cxd5 Qxd5 5.Nc3 Qd8 6.Be2 Nc6 7.a3 Nf6 8.O-O Be7
9.Qc2 O-O 10.b3 b6 11.Bb2 Bb7 12.Rfd1 Qc8 13.Rdc1 Rd8 14.Ng5 h6 15.Nge4 e5
16.Nxf6+ Bxf6 17.Ne4 Be7 18.f4 exf4 19.Rf1 f5 20.Bc4+ Kh7 21.Rxf4 Nd4 22.exd4 fxe4
23.Rxe4 Bf6 24.Rf4+ Kh8 25.Rxf6 gxf6 26.Qg6 Qc7 27.Qxh6+ Qh7 28.Qxf6+ Qg7
29.Qh4+  1-0

[Event "SVK-chT9596"]
[Site "?"]
[Date "1996.??.??"]
[Round "7"]
[White "Jirovsky, Milos"]
[Black "Kotan, Ladislav"]
[Result "1-0"]
[WhiteElo "2420"]
[BlackElo "2370"]

1.c4 e6 2.Nf3 d5 3.g3 Nf6 4.Bg2 dxc4 5.Qa4+ Nbd7 6.O-O a6 7.Qxc4 b5 8.Qc2 Bb7
9.a4 b4 10.d3 Bd6 11.Nbd2 O-O 12.Nc4 a5 13.b3 Re8 14.Bb2 Bf8 15.Rac1 Qe7
16.e4 Rec8 17.Nfd2 Nb6 18.e5 Nfd5 19.Ne4 Rd8 20.h4 Nd7 21.d4 f5 22.exf6 gxf6
23.Rfe1 Bh6 24.Rcd1 Re8 25.Qe2 Qg7 26.Qf3 Rab8 27.Nxa5 Ba8 28.Nc4 f5 29.Ng5 Bxg5
30.hxg5 Qxg5 31.Rd3 N7f6 32.Bc1 Qg7 33.Bf4 Nxf4 34.Qxf4 Bxg2 35.Kxg2 Nd5
36.Qe5 f4 37.Qxg7+ Kxg7 38.Ne5 Rbc8 39.Nc6 Rf8 40.Rxe6 Rce8 41.Re5 Nc3 42.Nxb4 Ne2
43.Nc6 Nc1 44.Rf3 Ne2 45.a5  1-0

[Event "GEO-ch"]
[Site "Tbilisi"]
[Date "1996.??.??"]
[Round "?"]
[White "Sichinava, Roman"]
[Black "Lobzhanidze, Davit"]
[Result "1-0"]
[WhiteElo "2445"]
[BlackElo "2280"]

1.c4 e6 2.Nf3 d5 3.g3 Nf6 4.Bg2 Be7 5.O-O O-O 6.b3 c5 7.cxd5 Nxd5 8.Bb2 Nc6
9.Nc3 Bf6 10.Qc1 Nxc3 11.dxc3 Qc7 12.c4 Nd4 13.Nxd4 cxd4 14.e3 e5 15.exd4 exd4
16.Qd2 Rd8 17.Qd3 Qc5 18.Be4 g6 19.Qf3 Bg7 20.Bxb7 Bxb7 21.Qxb7 d3 22.Bxg7 Kxg7
23.Rad1 Rab8 24.Qf3 Qd4 25.Rd2 Rd7 26.Rfd1 Rbd8 27.Rxd3 Qxd3 28.Rxd3 Rxd3
29.Qe4 R3d4 30.Qe5+ Kg8 31.c5 Rd1+ 32.Kg2 Rc1 33.Qc7 Rd2 34.Qxa7 Kg7 35.Qe7 Rxa2
36.Qe5+ Kg8 37.Qe8+ Kg7 38.Qe5+ Kg8 39.b4 Rac2 40.Qe8+ Kg7 41.Qe5+ Kg8 42.Qb8+ Kg7
43.Qe5+ Kg8 44.g4 Rc4 45.Qb8+ Kg7 46.h3 h6 47.Qe5+ Kg8 48.Qe3 R1c3 49.Qe2 g5
50.Qe8+ Kg7 51.Qe5+ Kg6 52.Qh8 Rc1 53.Qg8+ Kf6 54.Qh7 Ke6 55.Qf5+ Ke7 56.Qe5+ Kf8
57.Qf6 Rxb4 58.Qxh6+ Ke8 59.Qc6+ Ke7 60.Qd6+ Ke8 61.Qe5+ Kf8 62.Qxg5 Rbc4
63.h4 Rxc5 64.Qf6 Kg8 65.h5 R5c4 66.Kg3 Rc6 67.Qg5+ Kf8 68.Qf5 Kg8 69.Qd7 R1c3+
70.f3 R3c5 71.Kh4 Rc4  1-0

[Event "Tel Aviv ASA"]
[Site "Tel Aviv"]
[Date "1996.??.??"]
[Round "2"]
[White "Zifroni, Dov"]
[Black "Bykhovsky, Avigdor"]
[Result "1-0"]
[WhiteElo "2490"]
[BlackElo "2420"]

1.c4 e6 2.Nf3 d5 3.b3 a5 4.e3 Nf6 5.Nc3 Nbd7 6.Bb2 c6 7.d4 Bd6 8.Bd3 O-O
9.O-O Qe7 10.c5 Bc7 11.e4 dxe4 12.Nxe4 Nxe4 13.Bxe4 Nf6 14.Bd3 Nd5 15.Re1 f6
16.Qc2 g6 17.a3 Bd7 18.Nd2 Qg7 19.Nc4 Qh6 20.g3 g5 21.Qd2 Qg7 22.Bc3 a4 23.Ba5 axb3
24.Bxc7 Nxc7 25.Qb4 Nd5 26.Qxb3 Rad8 27.Nd6 Rb8 28.a4 h5 29.a5 h4 30.Rab1 hxg3
31.hxg3 Ra8 32.Nxb7 f5 33.Re5 Qh6 34.a6 Kg7 35.Nd6 Rh8 36.Kf1 g4 37.Ke2 Rab8
38.Nb7 Qh2 39.Bc4 Nc7 40.Qe3 Kg6 41.Bxe6 Bxe6 42.Rxe6+  1-0